Biblia y pedagogía de la fe
Tallennettuna:
| Päätekijä: | |
|---|---|
| Aineistotyyppi: | Kirja |
| Kieli: | espanja |
| Julkaistu: |
Madrid
Marova
1969
|
| Sarja: | Biblioteca de Pensamiento Catequético Actual, 5
|
| Aiheet: | |
| Tagit: |
Lisää tagi
Ei tageja, Lisää ensimmäinen tagi!
|
MARC
| LEADER | 00000nam a2200000 a 4500 | ||
|---|---|---|---|
| 001 | UCL5359 | ||
| 003 | CL-VaPUC | ||
| 008 | 040312e19690000SP |||||||||||||||||spa|d | ||
| 082 | 0 | 4 | |a 268 |b RAN |2 21 |
| 100 | 0 | |a Ranwez, P |e author |9 483096 | |
| 245 | 1 | 0 | |a Biblia y pedagogía de la fe |
| 300 | |a 145 p | ||
| 942 | |c BK | ||
| 945 | |d 20040312 00:00:00 |a vberengu | ||
| 260 | |a Madrid |b Marova |c 1969 | ||
| 650 | 0 | |a Catequesis |9 314526 | |
| 583 | |a last modification |c 20040312 00:00:00 |k Rodrigo Vera | ||
| 490 | 0 | |a Biblioteca de Pensamiento Catequético Actual, 5 | |
| 999 | |c 307968 |d 307966 | ||
| 952 | |0 0 |1 0 |4 0 |6 268_000000000000000_RAN_1969 |7 0 |8 A |9 374162 |a BIBTEO |b BIBTEO |d 2019-11-21 |i 2105098 |o 268 RAN 1969 |p 2105098 |r 2025-01-17 |w 2019-11-21 |y BK |k ICR | ||